000 00416 a2200121 4500
001 ART_25765
005 20260410161601.0
008 260409a
245 1 0 _aLas normas internacionales de auditoría, revisión, aseguramiento y servicios relacionados
100 1 _aCasal, Armando Miguel
700 1 _aWainstein, Mario
773 0 _tProfesional & Empresaria
_g- Año VII, Nº 79 (abr. 2006)
_wREV70
999 _c9731
_d9731